| 000 | 01464nam a22002657a 4500 | ||
|---|---|---|---|
| 008 | 230717s2023 xxk|||||o|||| 00| 0 eng d | ||
| 020 | _a9781783215003 | ||
| 041 | _aeng | ||
| 100 | _aSawhney, Anil | ||
| 110 | _aRoyal Institution of Chartered Surveyors | ||
| 245 |
_aDigitalisation in construction _breport 2023 _h[Electronic resource] |
||
| 260 |
_aLondon, _bRoyal Institution of Chartered Surveyors, _cJune 2023 |
||
| 490 | _aRICS Research | ||
| 520 | _aRICS is committed to supporting members as they develop the skills to leverage the opportunities presented by digitalisation, and to help them guide clients in navigating its potential risks. Against the era-defining backdrop of climate change, this report makes a significant addition to our shared understanding. Now in its second iteration, this annual report uses data derived from the quarterly RICS Global Construction Monitor (GCM) to provide a vital benchmark of trends driving digital adoption, as well as a glimpse at what is to come | ||
| 650 | _aQuantity Surveying | ||
| 650 | _aDigitisation | ||
| 650 | _aDigitalisation | ||
| 651 | _aInternational | ||
| 690 |
_96230 _aConstruction management |
||
| 700 | _aSawhney, Anil | ||
| 700 | _aKnight, Andrew | ||
| 710 | _aRoyal Institution of Chartered Surveyors | ||
| 856 |
_uhttps://www.rics.org/content/dam/ricsglobal/documents/research/Digitalisation%20in%20construction%202023_final.pdf _zAvailable free on RICS.org |
||
| 942 | _n0 | ||
| 999 |
_c121604 _d121604 |
||